| 000 | 005770000a22002050004500 | ||
|---|---|---|---|
| 003 | LK-CoMWRAF | ||
| 005 | 20230927112118.0 | ||
| 008 | 230817t ||||| |||| 00| 0 eng d | ||
| 020 | _a9830650928 | ||
| 040 |
_aLK-CoMWRAF _dLK-CoMWRAF _eLK-CoMWRAF |
||
| 041 | _aeng | ||
| 082 |
_a297.5 _bKAU |
||
| 100 | _akausar, Zeenath | ||
| 245 |
_aReproduction technology or adultery? _bAn Islamic perspective |
||
| 260 |
_aKuala Lumpur : _bA.S Noordeen, _c2000 |
||
| 300 | _a57p | ||
| 650 | _aHuman reproductive technology (Islamic law) | ||
| 650 | _aIslam--Adultery | ||
| 942 | _cBK | ||
| 999 |
_c1023 _d1023 |
||